[Event "It"]
[Site "Stockholm SWE"]
[Date "2002.08.10"]
[Round "8"]
[White "Olsson,An"]
[Black "Couso,L"]
[Result "0-1"]
[WhiteElo "2327"]
[BlackElo "2345"]

1.e4 g6 2.d4 Bg7 3.Nc3 d6 4.Be3 a6 5.Bc4 Nd7 6.Nf3 e6 7.h4 b5 8.Bd3 c5 9.dxc5 Nxc5
10.Bxc5 dxc5 11.e5 Qc7 12.Qe2 Bb7 13.Be4 Bxe4 14.Qxe4 Rd8 15.h5 Ne7 16.h6 Bf8
17.Qf4 Nd5 18.Nxd5 Rxd5 19.Qf6 Rg8 20.Rd1 Rxd1+ 21.Kxd1 g5 22.Rh5 Be7 23.Rxg5 Rxg5
24.Qh8+ Bf8 25.Nxg5 Qd8+ 26.Ke2 Qxg5 27.Qxh7 Bxh6 28.Qe4 Qd2+ 29.Kf3 Qd5  0-1

[Event "FSIMB August"]
[Site "Budapest HUN"]
[Date "2002.08.11"]
[Round "9"]
[White "Nazarenus,O"]
[Black "Czebe,A"]
[Result "1/2-1/2"]
[WhiteElo "2102"]
[BlackElo "2480"]

1.e4 g6 2.d4 Bg7 3.Nc3 d6 4.Nf3 a6 5.h4 Nf6 6.Bg5 O-O 7.Qd2 Bg4 8.O-O-O Nbd7
9.Qf4 Qc8 10.Be2 e5 11.dxe5 dxe5 12.Nxe5 Bxe2 13.Nxd7 Nxd7 14.Nxe2 Re8 15.h5 Nc5
16.hxg6 fxg6 17.Qh4 h5 18.Nf4 Nxe4 19.Nxg6 Qg4 20.Qxg4 hxg4 21.Be3 g3 22.f3 Nc3
23.Rd3 Nxa2+ 24.Kb1 Nb4 25.Rb3 a5 26.Bg5 Kf7 27.Nf4 Re5 28.Nh3 Rae8 29.Bd2 c5
30.f4 Re2 31.Bxb4 cxb4 32.Rxg3 a4 33.Ng5+ Kg8 34.f5 R8e3 35.Rxe3 Rxe3 36.Rd1 Bf6
37.Nf3 b3 38.Rd3 bxc2+ 39.Kxc2 Re4 40.Rd6 Kg7 41.Rd7+ Kh6  1/2-1/2

[Event "15th Open"]
[Site "Kiel GER"]
[Date "2002.08.11"]
[Round "3"]
[White "Koop,T"]
[Black "Haub,TM"]
[Result "0-1"]
[WhiteElo "2111"]
[BlackElo "2381"]

1.e4 g6 2.d4 Bg7 3.Nc3 d6 4.Be3 a6 5.Qd2 Nd7 6.Nf3 h6 7.Bd3 e6 8.a4 b6 9.O-O Ne7
10.Rfe1 Bb7 11.h3 g5 12.d5 e5 13.Nh2 Nf6 14.Ne2 Nh5 15.Ng3 Nf4 16.Bxf4 exf4
17.Nh5 Bxb2 18.Ng4 Be5 19.Nxe5 dxe5 20.Qb4 a5 21.Qb2 Qd6 22.c4 O-O 23.g4 f6
24.Rec1 c5 25.Rab1 Rfb8 26.Rc3 Bc8 27.Rb3 Ra6 28.Rb5 Kf7 29.Qc2 Bd7 30.R5b2 Be8
31.Be2 Rd8 32.Qd1 Nc8 33.Ra1 Qc7 34.Ra3 Nd6 35.Qc2 Ra7 36.Rb1 Rb8 37.Kg2 Qd8
38.Rh1 Kf8 39.h4 Bxh5 40.gxh5 Rg7 41.Bg4 gxh4 42.f3 f5 43.exf5 Qf6 44.Qe2 Nxf5  0-1

[Event "ADCF Masters"]
[Site "Abu Dhabi UAE"]
[Date "2002.08.13"]
[Round "2"]
[White "Sale,S"]
[Black "Dzhumaev,M"]
[Result "1/2-1/2"]
[WhiteElo "2403"]
[BlackElo "2494"]

1.e4 g6 2.d4 Bg7 3.Nc3 d6 4.Bg5 c6 5.Bc4 Nd7 6.Qd2 b5 7.Bb3 Ngf6 8.f3 Qb6
9.Be3 Qc7 10.Nge2 Bb7 11.O-O O-O 12.a4 a6 13.Rfd1 Rfd8 14.Qe1 b4 15.Nb1 c5
16.c3 c4 17.cxb4 cxb3 18.Nd2 e5 19.d5 Bxd5 20.exd5 Nxd5 21.Bf2 Nxb4 22.Nxb3 Qb8
23.Qd2 d5 24.Na5 d4 25.Be1 Nd5 26.Nc6 Qb7 27.Nxd8 Rxd8 28.Qa5 Re8 29.Bd2 f5
30.Rac1 e4 31.fxe4 fxe4 32.Nf4 N5f6 33.b4 e3 34.Be1 Qe4 35.Ne2 d3 36.Qxa6 dxe2
37.Qxe2 Qg4 38.Qc2  1/2-1/2

[Event "ADCF Masters"]
[Site "Abu Dhabi UAE"]
[Date "2002.08.15"]
[Round "5"]
[White "Prasad,D"]
[Black "Jasim,A"]
[Result "1/2-1/2"]
[WhiteElo "2420"]
[BlackElo "2259"]

1.e4 g6 2.d4 Bg7 3.Nc3 d6 4.Bc4 Nc6 5.Nge2 e5 6.d5 Nce7 7.h4 f5 8.exf5 gxf5
9.Ng3 Nf6 10.Nh5 Nxh5 11.Qxh5+ Kf8 12.Bg5 h6 13.Bd2 Bd7 14.Qf3 Kg8 15.h5 Qe8
16.a4 a6 17.a5 Qf7 18.Ra3 Re8 19.Rb3 Bc8 20.Kd1 Kf8 21.Rb4 Ng8 22.Ne2 Nf6
23.Kc1 Ne4 24.Be1 Bf6 25.Qa3 Rg8 26.g3 Rg5 27.Qf3 Rg4 28.Qa3 Rg5 29.Qf3 Bg7
30.Nc3 Nf6 31.Be2 e4 32.Qe3 Nxd5 33.Nxd5 Qxd5 34.Bc4 Qxa5 35.Kb1 Qc5 36.Qb3 b5
37.Bg8 Re7 38.Bd2 Rg4 39.Be3 Qc6 40.c4 bxc4 41.Bxc4 Re8 42.Be2 Be6 43.Qc2 Qd5
44.Bxg4 fxg4 45.Rd1 Qa2+ 46.Kc1 Qa1+ 47.Qb1 Qa5 48.Rxe4 Bb3 49.Rxe8+ Kxe8
50.Rd2 Qa4 51.Qg6+ Kd7 52.Kb1 Qa2+ 53.Kc1 Qa1+ 54.Qb1 Qa4 55.Rd3 Qc4+ 56.Kd2 Qb4+
57.Rc3  1/2-1/2

[Event "FSFM August"]
[Site "Budapest HUN"]
[Date "2002.08.15"]
[Round "13"]
[White "Adam,Gy2"]
[Black "Pali,G"]
[Result "1/2-1/2"]
[WhiteElo "2127"]
[BlackElo "2033"]

1.e4 g6 2.d4 Bg7 3.Nc3 d6 4.f3 e5 5.Nge2 exd4 6.Nxd4 Bd7 7.Be2 Ne7 8.O-O O-O
9.Be3 Nbc6 10.Nxc6 Nxc6  1/2-1/2

[Event "11th Open"]
[Site "Kavala GRE"]
[Date "2002.08.16"]
[Round "8"]
[White "Miladinovic,I"]
[Black "Kanellopoulos,P"]
[Result "1-0"]
[WhiteElo "2501"]
[BlackElo "2096"]

1.d4 g6 2.e4 Bg7 3.Nc3 d6 4.Be3 Nf6 5.Qd2 Nbd7 6.f3 e5 7.O-O-O c6 8.dxe5 dxe5
9.g4 h5 10.gxh5 Nxh5 11.Nge2 Qc7 12.Rg1 Nf8 13.Ng3 Ne6 14.Nxh5 Rxh5 15.Kb1 Nd4
16.Qf2 b5 17.f4 b4 18.Ne2 c5 19.f5 Bb7 20.fxg6 fxg6 21.Rxg6 Bxe4 22.Nxd4 cxd4
23.Bb5+ Kd8 24.Bxd4 Qxc2+ 25.Qxc2 Bxc2+ 26.Kxc2 exd4 27.Rxg7 Rc8+ 28.Kb3 Rxb5
29.Rxd4+  1-0

[Event "ADCF Masters"]
[Site "Abu Dhabi UAE"]
[Date "2002.08.18"]
[Round "7"]
[White "Ibrahim,I"]
[Black "Jasim,A"]
[Result "1/2-1/2"]
[WhiteElo "2042"]
[BlackElo "2259"]

1.e4 g6 2.d4 Bg7 3.Nc3 d6 4.Nf3 Nf6 5.Be2 O-O 6.h3 a6 7.a4 b6 8.O-O Bb7 9.e5 Ne8
10.Bf4 d5 11.Qd2 c5 12.a5  1/2-1/2

[Event "13th Summer Open"]
[Site "Recklinghausen GER"]
[Date "2002.08.19"]
[Round "1"]
[White "Schebler,G"]
[Black "Koch,Mi"]
[Result "1-0"]
[WhiteElo "2500"]
[BlackElo "2034"]

1.e4 d6 2.d4 g6 3.Nc3 Bg7 4.Nf3 c6 5.h3 Qc7 6.Bc4 b5 7.Bb3 e5 8.a4 b4 9.Ne2 Nf6
10.Ng3 Bb7 11.O-O O-O 12.Bg5 Nbd7 13.dxe5 dxe5 14.Qe2 Rad8 15.a5 c5 16.Qc4 h6
17.Be3 Ne8 18.Qe2 Ndf6 19.Nd2 Nd6 20.f3 h5 21.h4 Kh7 22.Nh1 Rc8 23.a6 Ba8
24.Nc4 Nfe8 25.Rfd1 Nxc4 26.Bxc4 Nd6 27.Bd5 Bh6 28.Bxh6 Kxh6 29.Bxa8 Rxa8
30.Qd2+  1-0

[Event "XIV Open"]
[Site "Porto San Giorgio ITA"]
[Date "2002.08.21"]
[Round "2"]
[White "Fercec,N"]
[Black "Cocchi,A"]
[Result "0-1"]
[WhiteElo "2494"]
[BlackElo "2281"]

1.e4 g6 2.d4 Bg7 3.Nc3 d6 4.Be3 a6 5.f4 b5 6.Bd3 Bb7 7.Nf3 b4 8.Ne2 Nf6 9.Ng3 Nbd7
10.e5 Nd5 11.Bd2 c5 12.c3 cxd4 13.cxd4 Qb6 14.Qe2 dxe5 15.fxe5 Nf8 16.O-O Ne6
17.Qf2 O-O 18.Rae1 Rad8 19.Kh1 a5 20.Ne4 Ndf4 21.Bb1 Ba6 22.Rg1 Nd3 23.Bxd3 Bxd3
24.Ng3 Bc4 25.Be3 Qb7 26.b3 Bd5 27.Nd2 Rc8 28.Rc1 Rxc1 29.Rxc1 Rc8 30.Nc4 a4
31.Rf1 Nd8 32.Qe2 Qa6 33.Bg5 Ne6 34.Bxe7 Nxd4 35.Qg4 Bxc4 36.bxc4 Qxc4 37.Bf6 Nf5
38.Qf3 Nxg3+ 39.hxg3 Qxa2 40.Qb7 Qc4 41.Rf4 Qc1+ 42.Kh2 Bxf6 43.exf6 a3 44.Rf1 Qc5
45.Re1 h6 46.Qd7 b3 47.Re5 Qxe5 48.Qxc8+ Kh7 49.Qf8 Qxf6 50.Qxa3 Qc3 51.Qf8 Qg7
52.Qb4 Qb2 53.Qf8 Qf2 54.Qb4 b2 55.Qb3 h5 56.Qb4 Qc2 57.Qb7 Kg7  0-1

[Event "XIV Open"]
[Site "Porto San Giorgio ITA"]
[Date "2002.08.21"]
[Round "2"]
[White "Gosio,D"]
[Black "Aldrovandi,C"]
[Result "1/2-1/2"]
[WhiteElo "2154"]
[BlackElo "2414"]

1.e4 g6 2.d4 Bg7 3.Nc3 d6 4.f4 c6 5.Nf3 Bg4 6.Be3 Qb6 7.Qd2 Nf6 8.Be2 d5
9.e5 Ng8 10.O-O Bxf3 11.Bxf3 e6 12.g4 Ne7 13.Kg2 Nd7 14.b3 h5 15.h3 Qc7 16.Ne2 O-O-O
17.a4 Kb8 18.a5 a6 19.g5 Nf5 20.b4 Bf8  1/2-1/2

[Event "Saraybahce GP"]
[Site "Kocaeli TUR"]
[Date "2002.08.22"]
[Round "6"]
[White "Soylu,S"]
[Black "Izoria,Z"]
[Result "1-0"]
[WhiteElo "2384"]
[BlackElo "2565"]

1.e4 d6 2.d4 g6 3.Nc3 Bg7 4.Be3 c6 5.Qd2 b5 6.Nf3 Nf6 7.Bd3 Bg4 8.e5 b4 9.Ne2 Nd5
10.Bh6 Bxh6 11.Qxh6 Bxf3 12.gxf3 Nd7 13.f4 e6 14.O-O-O Qa5 15.Kb1 Rb8 16.Ka1 b3
17.cxb3 Rxb3 18.Bc4 Rb8 19.Bxd5 cxd5 20.Nc3 Qb4 21.Rd2 dxe5 22.fxe5 Nb6 23.Rc1 Nc4
24.Rdc2 Qb6 25.Rd1 Qa5 26.Ne4 Rxb2 27.Rxb2 Nxb2 28.Nd6+ Ke7 29.Rb1 Qc3 30.Nb5 Qd3
31.Rxb2  1-0

[Event "22nd Open"]
[Site "Bratto ITA"]
[Date "2002.08.23"]
[Round "4"]
[White "Khenkin,I"]
[Black "Drazic,S"]
[Result "1/2-1/2"]
[WhiteElo "2598"]
[BlackElo "2486"]

1.d4 g6 2.e4 Bg7 3.Nc3 d6 4.Be3 c6 5.Nf3 Nf6 6.Qd2 Qa5 7.h3 Nbd7 8.Bd3 O-O
9.O-O e5 10.dxe5 dxe5 11.Rab1 Qc7 12.b4 b5 13.a4 a6 14.Ne2 Bb7 15.Ng3 bxa4
16.Ra1 c5 17.bxc5 Bc6 18.Rfb1 Rab8 19.Rxb8 Rxb8 20.Bxa6 Bxe4 21.Rxa4 Bxf3
22.gxf3 Bf8 23.Qa5 Qc6 24.Kg2 Nd5 25.Ne4 Nxe3+ 26.fxe3 Kg7 27.Bd3 f5 28.Nd6 Bxd6
29.cxd6 Qxd6 30.Qc3 Nc5 31.Ra5 Rc8 32.Ra7+ Rc7 33.Rxc7+ Qxc7 34.f4 Kf6 35.Kf1 g5
36.fxg5+ Kxg5 37.Qc4 Qc6 38.Qg8+ Qg6 39.Qd8+ Qf6 40.h4+ Kg6 41.Qd5 Ne4 42.Qg8+ Kh6
43.c4 Nc5 44.Qd5 Nxd3 45.Qxd3 Qxh4 46.Qxf5 Qxc4+ 47.Kf2 Qh4+ 48.Kf3 Qh1+
49.Kg3 Qg1+ 50.Kh4 Qe1+ 51.Kg4 Qe2+ 52.Kh4 Qe1+ 53.Kg4 Qd1+ 54.Kh4 Qd8+ 55.Kg4 Qe7
56.Qh5+ Kg7 57.Qg5+ Kf7 58.Qf5+ Kg8 59.Qg5+ Kf7  1/2-1/2

[Event "Saraybahce GP"]
[Site "Kocaeli TUR"]
[Date "2002.08.24"]
[Round "8"]
[White "Soylu,S"]
[Black "Tofan,I"]
[Result "0-1"]
[WhiteElo "2384"]
[BlackElo "2219"]

1.e4 d6 2.d4 g6 3.Nc3 Bg7 4.Be3 c6 5.Qd2 b5 6.Nf3 a6 7.Bd3 Nd7 8.a4 Bb7 9.O-O Ngf6
10.Bh6 O-O 11.Bxg7 Kxg7 12.e5 dxe5 13.dxe5 Nh5 14.g4 c5 15.Be4 b4 16.Bxb7 bxc3
17.bxc3 Ra7 18.Bc6 Nb8 19.Qxd8 Rxd8 20.Be4 Nf4 21.Rfe1 e6 22.c4 h6 23.h4 f5
24.exf6+ Kxf6 25.Kh2 g5 26.Kg3 Rad7 27.Rab1 Rd6 28.Rb7 R6d7 29.Reb1 Ne2+
30.Kg2 Nc3 31.Rxb8 Nxe4 32.Rxd8 Rxd8 33.Re1 Nc3 34.hxg5+ hxg5 35.a5 Rd1 36.Rxd1 Nxd1
37.Nd2 Ke5 38.Nb3 Nb2 39.Nxc5 Nxc4 40.Nxa6 Nxa5 41.Nc5 Nc4 42.Kg3 Kd5 43.Nd7 Na3
44.c3 Nb5 45.Nb6+ Kc5 46.Na4+ Kd5 47.f3 e5 48.Nb6+ Kc6 49.Nc4 Kd5 50.Ne3+ Kc5
51.Nd1 Kc4 52.Nf2 Nxc3 53.Nh3 e4 54.Nxg5 e3 55.f4 Kd3 56.f5 e2 57.Kf2 Kd2
58.Nf3+ Kd1 59.Ke3 Nd5+ 60.Kd4 Nf6 61.g5 Nh7 62.g6 Ng5 63.Ne1 Kxe1 64.g7 Kf2
65.g8=Q Nf3+ 66.Kd5 e1=Q 67.Qg7 Qa5+ 68.Ke6 Qb6+ 69.Kf7 Qc7+ 70.Kg8 Qc8+
71.Qf8 Qc4+ 72.Qf7 Qg4+ 73.Qg6 Ng5 74.Kg7 Qd4+ 75.Kh6 Ne4 76.f6 Nxf6 77.Qf5+ Kg3
78.Qg5+ Ng4+ 79.Kg6 Qd3+ 80.Kg7 Qd7+ 81.Kg6 Qe6+ 82.Kg7 Kf3 83.Qh5 Qf6+ 84.Kh7 Kf4
85.Qg6 Qe7+ 86.Qg7 Qh4+ 87.Kg8 Nh6+ 88.Kh8 Nf5+ 89.Qh7 Qf6+  0-1

[Event "Open"]
[Site "Nikea GRE"]
[Date "2002.08.24"]
[Round "6"]
[White "Balaskas,P"]
[Black "Khetsuriani,B"]
[Result "0-1"]
[WhiteElo "2201"]
[BlackElo "2415"]

1.e4 d6 2.d4 g6 3.Nc3 Bg7 4.Be3 a6 5.f4 b5 6.Bd3 Nd7 7.a4 b4 8.Nce2 c5 9.Nf3 Ngf6
10.e5 Ng4 11.Bg1 cxd4 12.exd6 Nc5 13.Bxd4 Bxd4 14.Nexd4 Qxd6 15.Qd2 Nxd3+
16.Qxd3 Qxf4 17.O-O Bb7 18.Rae1 Rd8 19.g3 Qd6 20.Qe2 Rd7 21.Nb3 O-O 22.Kg2 e5
23.Na5 Ba8 24.Nc4 Qc5 25.h3 e4 26.Nh4 Ne5 27.Nxe5 Qxe5 28.Qxa6 Qxb2 29.Re2 Rd2
30.Rxd2 e3+ 31.Nf3 exd2 32.Qd3 Rc8 33.Rf2 Rxc2 34.Qd8+ Kg7 35.Qxa8 d1=Q  0-1

[Event "ch-FRA"]
[Site "Val d'Isere FRA"]
[Date "2002.08.24"]
[Round "6"]
[White "Sokolov,And"]
[Black "Bricard,E"]
[Result "1-0"]
[WhiteElo "2587"]
[BlackElo "2454"]

1.e4 g6 2.d4 Bg7 3.Nc3 d6 4.Be3 a6 5.f4 b5 6.Be2 Nd7 7.Bf3 e6 8.Nh3 Ne7 9.O-O Bb7
10.g4 h5 11.g5 b4 12.Ne2 d5 13.e5 Nf5 14.Bf2 c5 15.a3 bxa3 16.Rxa3 Bf8 17.Ra2 Qc7
18.c3 a5 19.Ng3 Ba6 20.Nxf5 gxf5 21.Be2 Bxe2 22.Qxe2 c4 23.Rfa1 Be7 24.Kg2 Ra6
25.Ng1 Qa7 26.Nf3 a4 27.Kh3 Nb6 28.Rg1 a3 29.g6 fxg6 30.Bh4 Rg8 31.Bxe7 Kxe7
32.Rga1 axb2 33.Qxb2 Rxa2 34.Rxa2 Qc7 35.Ra6 Rb8 36.Qa3+ Ke8 37.Ng5 Qc6 38.Nh7 Kf7
39.Ra7+ Nd7 40.Qc5 Qxc5 41.dxc5 Ke8 42.c6 Nc5 43.Nf6+ Kf8 44.Ra5  1-0

[Event "Open"]
[Site "Nikea GRE"]
[Date "2002.08.25"]
[Round "7"]
[White "Stefanidi,M"]
[Black "Kotrotsos,V"]
[Result "0-1"]
[WhiteElo "2036"]
[BlackElo "2192"]

1.e4 g6 2.d4 Bg7 3.Nc3 d6 4.Be3 a6 5.Qd2 b5 6.Bd3 Nd7 7.f4 c5 8.e5 cxd4 9.Bxd4 dxe5
10.fxe5 Nxe5 11.Be4 Rb8 12.Ba7 Qxd2+ 13.Kxd2 Nc4+ 14.Ke1 Bxc3+ 15.bxc3 Bb7
16.Bxb8 Bxe4 17.Kf2 Nf6 18.h3 O-O 19.Bf4 Bxc2 20.Ne2 e5 21.Bh6 Ne4+ 22.Ke1 Rd8
23.Rc1 Ba4 24.Rf1 Nc5 25.Rf6 Nd3+ 26.Kf1 Nxc1 27.Nxc1 Rd6 28.Rxd6 Nxd6 29.Nd3 f6
30.Nc5 g5 31.h4 Nf7 32.hxg5 fxg5 33.Bxg5 Nxg5 34.Nxa6 Ne4 35.Nb4 Nxc3 36.Kf2 Kf7
37.Ke3 Ke6 38.Kd2 Nd5 39.Nd3 Kd6 40.g3 e4 41.Ne1 Ke5 42.Ng2 Kd4 43.a3 Bb3  0-1

[Event "Open"]
[Site "Nikea GRE"]
[Date "2002.08.25"]
[Round "7"]
[White "Makka,I"]
[Black "Sklavounos,P"]
[Result "1-0"]
[WhiteElo "2196"]
[BlackElo "2099"]

1.e4 g6 2.d4 Bg7 3.Nc3 d6 4.Be3 Nf6 5.Qd2 Ng4 6.Bg5 f6 7.Bh4 e5 8.Nf3 Bh6
9.Qd1 exd4 10.Nxd4 Ne5 11.Be2 Nbc6 12.O-O O-O 13.Nd5 Nxd4 14.Qxd4 g5 15.Bg3 Be6
16.f4 Nc6 17.Qd3 Ne7 18.fxg5 Bxg5 19.h4 Bxd5 20.hxg5 Bf7 21.gxf6 Ng6 22.Qd2 Be6
23.Qg5 Qe8 24.Be1 Kf7 25.Qh6 Rg8 26.Qxh7+ Kf8 27.Qh6+ Kf7 28.Bh5 Bc4 29.Qh7+ Ke6
30.f7 Qf8 31.fxg8=Q+  1-0

[Event "ch-RUS"]
[Site "Krasnodar RUS"]
[Date "2002.08.27"]
[Round "1"]
[White "Pridorozhni,A"]
[Black "Inarkiev,E"]
[Result "1/2-1/2"]
[WhiteElo "2453"]
[BlackElo "2545"]

1.e4 g6 2.d4 Bg7 3.Nc3 d6 4.Be3 a6 5.Qd2 Nd7 6.h4 h5 7.Nh3 b5 8.a4 b4 9.Nd1 Rb8
10.Ng5 e6 11.a5 Qe7 12.Bc4 Ngf6 13.f3 O-O 14.Nf2 Bb7 15.O-O c5 16.dxc5 Nxc5
17.Nd3 Nfd7 18.Nxb4 Bxb2 19.Rad1 Qf6 20.Bd4 Bxd4+ 21.Qxd4 Qf4 22.Nh3 Qxh4
23.Qxd6 Qd8 24.Ra1 Rc8 25.Rfd1 Qc7 26.Bf1 Nb8 27.Nf2 Rfe8 28.Qxc7 Rxc7 29.Nfd3 Ncd7
30.Nb2 Rec8 31.Rd6 Kf8 32.Na4 Ke7 33.Rad1 Nc5 34.Nb6 Rg8 35.e5 g5 36.R1d4 Ncd7
37.Bxa6 Nxe5 38.Bb5 Nbc6 39.Bxc6 Bxc6 40.Nxc6+ Nxc6 41.Rd7+ Rxd7 42.Rxd7+ Kf6
43.a6 Rb8 44.Nc4 Ra8 45.Nd6 Ne5 46.Ne4+ Kg6 47.Rd6 Nc4 48.Rc6 Na5 49.Rb6 Nc4
50.Rb4 Ne3 51.Ra4 Nxc2 52.Nd6 Nb4 53.Rxb4 Rxa6 54.Nc4 Kf6 55.Rb5 Rc6 56.Nd2 Kg6
57.Ne4 f6 58.Rb8 f5 59.Nd2 e5 60.Nf1 Rc1 61.Rb6+ Kf7 62.Kf2 Rc2+ 63.Kg3 f4+
64.Kh2 g4 65.Kg1 Rc1 66.Kf2 Rc2+ 67.Kg1 Rc1 68.Rh6 g3 69.Rxh5 Ke6  1/2-1/2

[Event "Open"]
[Site "Padron ESP"]
[Date "2002.08.27"]
[Round "6"]
[White "Perez,Lu"]
[Black "Garcia Castro,P"]
[Result "1-0"]
[WhiteElo "2384"]
[BlackElo "2353"]

1.e4 g6 2.d4 Bg7 3.Nc3 d6 4.Be3 a6 5.Qd2 Nd7 6.O-O-O c6 7.h4 b5 8.h5 Qa5
9.h6 Bf8 10.Kb1 Bb7 11.e5 O-O-O 12.Nf3 f6 13.e6 Nb6 14.a3 g5 15.Qe1 Na8 16.Bd2 Qc7
17.Ne4 Re8 18.Ba5 Qb8 19.c4 bxc4 20.Bxc4 Bxh6 21.d5 c5 22.g4 Bg7 23.Rd3 f5
24.gxf5 Nf6 25.Rb3 Qa7 26.Nfxg5 Nxd5 27.Nf7 Nab6 28.Bxd5 Nxd5 29.Nexd6+ exd6
30.Nxd6+ Kb8 31.Rxb7+ Qxb7 32.Nxb7 Kxb7 33.Qe4 Kc6 34.Qa4+  1-0

[Event "GM"]
[Site "Rostock GER"]
[Date "2002.08.28"]
[Round "5"]
[White "Tischbierek,R"]
[Black "Hoi,C"]
[Result "1-0"]
[WhiteElo "2523"]
[BlackElo "2419"]

1.e4 g6 2.d4 Bg7 3.Nc3 d6 4.Be3 Nd7 5.Qd2 a6 6.f3 e5 7.O-O-O b5 8.h4 h5 9.Nh3 exd4
10.Bxd4 Ngf6 11.Nf4 Bb7 12.Kb1 O-O 13.g4 b4 14.Ncd5 c5 15.Nxf6+ Nxf6 16.Be3 Bxe4
17.fxe4 Nxe4 18.Qc1 Bxb2 19.Qxb2 Nc3+ 20.Kc1 Re8 21.Bd2 Qa5 22.Bc4 Re4 23.Bd5 Rae8
24.Rde1 c4 25.Rxe4 Rxe4 26.Bxe4  1-0

[Event "TCh-BIH"]
[Site "Neum BIH"]
[Date "2002.08.30"]
[Round "9"]
[White "Krstic,U"]
[Black "Bajramovic,H"]
[Result "1-0"]
[WhiteElo "2420"]
[BlackElo "2275"]

1.e4 g6 2.d4 Bg7 3.Nc3 d6 4.Be3 Nc6 5.h3 e5 6.Nf3 exd4 7.Nxd4 Nge7 8.Bc4 O-O
9.O-O Kh8 10.Nd5 f5 11.Bg5 Qd7 12.Bb5 Ng8 13.exf5 Bxd4 14.Bxc6 Qg7 15.f6 Bxf6
16.Nxf6 bxc6 17.Nxg8 Kxg8 18.Qc1 Re8 19.Qf4 Qf7 20.Qh4 Bf5 21.Rfe1 c5 22.c4 Re6
23.Rxe6 Qxe6 24.Bd2 Qf7 25.Re1 Be6 26.Bc3 Re8 27.a3 a6 28.b4 cxb4 29.axb4 c6
30.Qd4 Kf8 31.Qxd6+ Kg8 32.Qd4 Kf8 33.Re3 Ke7 34.Qc5+ Kd8 35.Qxc6 Re7 36.Qb6+ Kc8
37.Qxa6+ Kd8 38.Qd6+ Kc8 39.Qc6+ Kd8 40.b5 Bd7 41.Ba5+  1-0

[Event "Exhibition"]
[Site "Izmir TUR"]
[Date "2002.08.31"]
[Round "2"]
[White "Erturan,Y"]
[Black "Gurevich,M"]
[Result "0-1"]
[WhiteElo "2277"]
[BlackElo "2649"]

1.e4 d6 2.d4 g6 3.Nc3 Bg7 4.Be3 a6 5.Nf3 Nd7 6.a4 Ngf6 7.h3 O-O 8.Bc4 e6
9.O-O d5 10.exd5 Nb6 11.Bb3 exd5 12.a5 Nc4 13.Bxc4 dxc4 14.d5 Re8 15.Ra4 Ne4
16.Rxc4 Nxc3 17.Rxc3 Bxc3 18.bxc3 Bf5 19.c4 Be4 20.Nh2 h5 21.Bd4 Qg5 22.f3 Bf5
23.f4 Qg3 24.Qd2 Re4 25.Rf3 Qe1+ 26.Qxe1 Rxe1+ 27.Kf2 Rae8 28.Kg3 Bxc2 29.Rc3 R1e2
30.Nf3 Be4 31.Rb3 Rc2 32.c5 Bxd5 33.Rb1 Ree2 34.Ne5 Rxg2+ 35.Kh4 Rcd2 36.Bc3 Rdf2
37.Rb4 Be6 38.Rd4 Kh7 39.Rd3 Rxf4+  0-1

[Event "Banc-Post A2"]
[Site "Miercurea Ciuc ROM"]
[Date "2002.09.01"]
[Round "9"]
[White "Wilhelm,S"]
[Black "Farkas,Lo"]
[Result "1/2-1/2"]
[WhiteElo "2171"]
[BlackElo "2088"]

1.d4 d6 2.e4 g6 3.Nc3 Bg7 4.Be3 c6 5.Bc4 b5 6.Bb3 b4 7.Nce2 Nf6 8.f3 a5 9.a3 bxa3
10.Rxa3 Nbd7 11.Nc3 O-O 12.Nge2 Bb7 13.O-O c5 14.Qd2 cxd4 15.Bxd4 Re8 16.Rfa1 Bf8
17.R3a2 Bc6 18.Nd5 e6 19.Nxf6+ Nxf6 20.Rxa5 d5 21.Rxa8 Bxa8 22.e5 Nd7 23.Qa5 Qc8
24.Qc3 Bc5 25.Kf1 Bxd4 26.Qxd4 Nc5 27.Qc3 Nxb3 28.Qxb3 Bb7 29.Qc3 Qd7 30.f4 Ra8
31.Rxa8+ Bxa8 32.Nd4 Bb7 33.b4 Ba6+ 34.Kf2 Bc4 35.Qa3 Qd8 36.Qa5 Qh4+ 37.Kf3 Qxh2
38.Qd8+ Kg7 39.Qf6+ Kg8 40.Qd8+ Kg7 41.Qf6+  1/2-1/2

[Event "ch-RUS"]
[Site "Krasnodar RUS"]
[Date "2002.09.02"]
[Round "7"]
[White "Kornev,Alexe"]
[Black "Inarkiev,E"]
[Result "0-1"]
[WhiteElo "2567"]
[BlackElo "2545"]

1.e4 g6 2.d4 Bg7 3.Nc3 d6 4.Be3 a6 5.h4 Nf6 6.f3 Nbd7 7.Qd2 b5 8.O-O-O Bb7
9.Bh6 Bxh6 10.Qxh6 e6 11.e5 b4 12.Nce2 Nd5 13.Nf4 dxe5 14.dxe5 Qe7 15.Nxd5 exd5
16.f4 a5 17.Nf3 a4 18.Nd4 a3 19.b3 O-O-O 20.Bb5 Nc5 21.Qg5 Qxg5 22.hxg5 Ne4
23.Rde1 Nc3 24.Bc6 Rdg8 25.Bxb7+ Kxb7 26.Ne2 Nxa2+ 27.Kb1 Nc3+ 28.Nxc3 bxc3
29.Ka2 c5 30.b4 Kc6 31.e6 fxe6 32.Rxe6+ Kb5 33.bxc5 Kxc5 34.Kb3 Ra8 35.Kxc3 Rhb8
36.Ree1 a2 37.Ra1 d4+ 38.Kd2 Kc4 39.Kc1 d3 40.cxd3+ Kb3 41.Rxh7 Ka3 42.Rh1 Rb2
43.g4 Rc8+ 44.Kd1 Rg2 45.Re1 Rb8 46.Kc1 Rbb2 47.Rf1 Kb3  0-1

[Event "5th Pyramiden-Franken Cup"]
[Site "Fuerth GER"]
[Date "2002.09.03"]
[Round "4"]
[White "Hector,J"]
[Black "Seul,G"]
[Result "1/2-1/2"]
[WhiteElo "2562"]
[BlackElo "2416"]

1.e4 d6 2.d4 g6 3.Nc3 Bg7 4.f4 a6 5.Nf3 b5 6.Bd3 Bb7 7.Be3 Nd7 8.a4 b4 9.Ne2 Ngf6
10.Ng3 O-O 11.f5 e6 12.O-O exf5 13.exf5 Ng4 14.Qd2 Bxf3 15.gxf3 Nxe3 16.Qxe3 Qh4
17.c3 bxc3 18.bxc3 Nf6 19.fxg6 hxg6 20.Be4 d5 21.Bd3 Rfe8 22.Qf2 Qf4 23.Rfe1 a5
24.Bb5 Rxe1+ 25.Rxe1 c6 26.Bf1 Rb8 27.Re7 Qc1 28.Ne2 Qd1 29.Ra7 Rb1 30.Ra8+ Kh7
31.Ra7 Kg8 32.Ra8+ Kh7 33.Ra7  1/2-1/2

[Event "GP"]
[Site "Izmir TUR"]
[Date "2002.09.03"]
[Round "7"]
[White "Gagunashvili,M"]
[Black "Spasov,V"]
[Result "1/2-1/2"]
[WhiteElo "2469"]
[BlackElo "2581"]

1.d4 g6 2.e4 Bg7 3.Nc3 d6 4.f4 Nf6 5.e5 dxe5 6.dxe5 Qxd1+ 7.Kxd1 Nfd7 8.Nf3 c6
9.Be3 Nb6 10.Bd3 O-O 11.Ke2 f6 12.exf6 Bxf6 13.g3 Be6 14.Ne4 N8d7 15.Nxf6+ exf6
16.Rhe1  1/2-1/2

[Event "VII Open"]
[Site "Cesenatico ITA"]
[Date "2002.09.04"]
[Round "4"]
[White "Mrdja,M"]
[Black "Thomas,Ro"]
[Result "1-0"]
[WhiteElo "2370"]
[BlackElo "2136"]

1.e4 g6 2.d4 Bg7 3.Nc3 d6 4.f4 a6 5.Nf3 b6 6.Bd3 c5 7.dxc5 bxc5 8.O-O Nc6
9.a3 Bg4 10.h3 Bxf3 11.Qxf3 e6 12.e5 d5 13.Be3 Qc7 14.Bf2 Nge7 15.Na4 c4
16.Be2 O-O 17.b3 f6 18.Nc5 fxe5 19.Nxe6 Qd6 20.Nxf8 Rxf8 21.fxe5 Nxe5 22.Qe3 d4
23.Qe4 d3 24.cxd3 cxd3 25.Rad1 Nf5 26.Bxd3  1-0

[Event "Poyntner Mem GM"]
[Site "St Poelten AUT"]
[Date "2002.09.05"]
[Round "1"]
[White "Neubauer,M"]
[Black "Lau,R"]
[Result "1/2-1/2"]
[WhiteElo "2393"]
[BlackElo "2491"]

1.e4 g6 2.d4 Bg7 3.Nc3 d6 4.Nf3 a6 5.Be3 b5 6.Bd3 Bb7 7.a4 b4 8.Ne2 Nf6 9.Ng3 Nbd7
10.c3 bxc3 11.bxc3 c5 12.a5 O-O 13.O-O Qc7 14.Qe2 Rfb8 15.Qa2 e6 16.Bf4 Ne8
17.Rac1 h6 18.h4 Qd8 19.Rfe1 cxd4 20.cxd4 Rc8 21.Qd2 Rxc1 22.Rxc1 Kh7 23.h5 g5
24.Be3 Kg8 25.Bc4 Ndf6 26.d5 exd5 27.exd5 Rc8 28.Qb4 Qd7  1/2-1/2

[Event "5th Pyramiden-Franken Cup"]
[Site "Fuerth GER"]
[Date "2002.09.06"]
[Round "7"]
[White "Sax,G"]
[Black "Seul,G"]
[Result "0-1"]
[WhiteElo "2511"]
[BlackElo "2416"]

1.e4 d6 2.d4 g6 3.Nc3 Bg7 4.Bg5 a6 5.Qd2 b5 6.a4 b4 7.Na2 Bb7 8.f3 a5 9.c3 bxc3
10.Nxc3 Nd7 11.d5 Ngf6  0-1

[Event "FSIMA Sept"]
[Site "Budapest HUN"]
[Date "2002.09.08"]
[Round "2"]
[White "Gikas,B"]
[Black "Rat,D"]
[Result "1/2-1/2"]
[WhiteElo "2254"]
[BlackElo "2345"]

1.e4 g6 2.d4 Bg7 3.Nc3 d6 4.Bc4 a6 5.a4 b6 6.Qf3 e6 7.Nge2 Bb7 8.O-O Nc6
9.Be3 Nge7 10.Bb3 O-O 11.Rad1 Na5 12.Ba2 d5 13.Qh3 Nac6 14.Bg5 Nb4 15.Bb3 Qd7
16.Nf4 c6 17.Rfe1 a5 18.Bxe7 Qxe7 19.exd5 cxd5 20.Nfxd5 Bxd5 21.Nxd5 Nxd5
22.Bxd5 Rad8 23.Bb3 Bxd4 24.c3 Bc5 25.Qf3 Qg5 26.g3 Rd2 27.Rxd2 Qxd2 28.Qe2 Rd8
29.Bc4 h5 30.Qxd2 Rxd2 31.Re2 Rd1+ 32.Kg2 Kg7 33.Bb3 Rb1 34.Rd2 Kf6 35.Ba2 Ra1
36.Bb3 Re1 37.Kf3 g5 38.h3 Rh1 39.Kg2 Rb1 40.Kf3 Re1 41.g4 h4 42.Rd1 Re5
43.Rd2 Be7 44.Rd7 Re1 45.Rd1 Re5 46.Rd7 Rc5 47.Ke4 Re5+ 48.Kf3  1/2-1/2

[Event "FSIMC Sept"]
[Site "Budapest HUN"]
[Date "2002.09.08"]
[Round "2"]
[White "Pert,R"]
[Black "Frink,F"]
[Result "1/2-1/2"]
[WhiteElo "2357"]
[BlackElo "2240"]

1.d4 g6 2.e4 Bg7 3.Nc3 d6 4.Be3 Nd7 5.Nf3 Ngf6 6.Qd2 c6 7.Bd3 O-O 8.Bh6 Bxh6
9.Qxh6 e5 10.O-O exd4 11.Nxd4 Ne5 12.Be2 Qb6 13.Nb3 Bg4 14.Qh4 Bxe2 15.Nxe2 Kg7
16.Ng3 h6 17.Rad1 c5 18.Kh1 Rae8 19.Qf4 Re6 20.Qd2 a5 21.f4 Nc4 22.Qe2 Nxb2
23.Rb1 a4 24.Rxb2 axb3 25.Rxb3 Qc6  1/2-1/2

[Event "5th Pyramiden-Franken Cup"]
[Site "Fuerth GER"]
[Date "2002.09.08"]
[Round "9"]
[White "Efimenko,Z"]
[Black "Seul,G"]
[Result "1-0"]
[WhiteElo "2557"]
[BlackElo "2416"]

1.e4 d6 2.d4 g6 3.Nc3 Bg7 4.Be3 c6 5.Qd2 b5 6.O-O-O Qa5 7.Kb1 Nd7 8.Bd3 Nb6
9.Nce2 Qxd2 10.Rxd2 Nf6 11.f3 Be6 12.d5 cxd5 13.Bxb6 axb6 14.Bxb5+ Bd7 15.Bxd7+ Kxd7
16.exd5 Rhc8 17.Nh3 Ra5 18.Rhd1 Rcc5 19.Nhf4 g5 20.Nd3 Rc4 21.Nf2 g4 22.b3 gxf3
23.bxc4 fxe2 24.Rxe2 Ra4 25.Re3 Rxc4 26.Rb3 Rf4 27.Nh3 Re4 28.c3 Re2 29.Rb2 Re3
30.Nf2 Rxc3 31.Rxb6 Rc5 32.Rb7+ Kc8 33.Rxe7 Nxd5 34.Rxf7 Rb5+ 35.Kc2 Ne3+
36.Kd3 Nxd1 37.Nxd1 Rg5 38.Ne3 h5 39.g3 Be5 40.Rh7 Kb8 41.Nc4 Bf6 42.Rh6 d5
43.Rxf6 dxc4+ 44.Kxc4 h4 45.Rf3 hxg3 46.hxg3 Kc7 47.a3 Kd6 48.Re3 Ra5 49.Kb4 Rf5
50.Rc3 Rf1 51.a4 Rb1+ 52.Ka5 Rb8 53.Rc4 Kd5 54.Rg4 Kc6 55.Rg5 Rb3 56.g4 Rg3
57.Ka6 Rb3 58.a5 Rb8 59.Rg6+ Kc5 60.Ka7 Rf8 61.a6 Rf7+ 62.Kb8 Rf1 63.a7 Rb1+
64.Kc7 Ra1 65.Rg5+ Kc4 66.Kb7  1-0